All time Premier League Record Transfers - Statistics

General Stats
  • This quiz has been taken 1,328 times
  • The average score is 6 of 10
Answer Stats
Hint Answer % Correct
£50mil- Chelsea Fernando Torres
83%
£42.4mil- Arsenal Mesut Ozil
77%
£38mil- Man.City Sergio Aguero
75%
£59.7mil- Man.Utd Angel Di Maria
73%
£35mil- Arsenal Alexis Sanchez
59%
£35mil- Liverpool Andy Carroll
58%
£32mil- Chelsea Eden Hazard
50%
£37.1mil- Man.Utd Juan Mata
48%
£32mil- Chelsea Diego Costa
35%
£32.5mil- Man.City Robinho
35%
No matching quizzes found
Score Distribution
Percent of People with Each Score
Percentile by Number Answered
Your Score History
You have not taken this quiz